000 00306nab a22001097u 4500
008 130520b1988 xxu||||| |||| 00| 0 spa d
041 _aspa
100 1 _aAbe, M.
_967427
245 0 0 _aLa transformación en el budismo
_cM. Abe
773 0 _tConcilium
_gV.1,1988,págs.207-227
_x0210-1041
_wRev134
942 _cAR
999 _c355349
_d355349